[Event "Ambelokipi op 139th"]
[Site "Athens"]
[Date "2013.11.20"]
[Round "3"]
[White "Untiveros, Jesus Benzamin"]
[Black "Sienczewski, Zbigniew"]
[Result "0-1"]
[WhiteElo "1627"]
[BlackElo "2041"]
[PlyCount "70"]
[EventDate "2013.11.11"]
[EventType "swiss"]
[EventRounds "7"]
[EventCountry "GRE"]
[SourceTitle "EXT 2024"]
[Source "ChessBase"]
[SourceDate "2023.10.10"]
[SourceVersion "1"]
[SourceVersionDate "2023.10.10"]
[SourceQuality "1"]

1. d4 c5 2. d5 b5 3. c4 d6 4. b3 Nf6 5. e3 b4 6. Nf3 g6 7. Bb2 Bg7 8. Be2 0-0 9. 0-0 e5 10. Nbd2 Nbd7 11. e4 Nh5 12. Ne1 Nf4 13. Bf3 f5 14. Qc2 Nf6 15. Nd3 Nxd3 16. Qxd3 f4 17. Be2 a5 18. Rfd1 g5 19. Kf1 Rf7 20. Ke1 h5 21. Nf1 g4 22. f3 Bh6 23. Kd2 Rg7 24. Kc2 a4 25. Nd2 Kh7 26. Rdb1 Bd7 27. Nf1 Qe7 28. Bc1 Rag8 29. Bd2 gxf3 30. Bxf3 Rxg2 31. Bxg2 Rxg2 32. Re1 Qg7 33. Re2 Rxe2 34. Qxe2 Qg6 35. Re1 Nxe4 0-1

[Event "Ambelokipi op 135th"]
[Site "Athens"]
[Date "2013.05.18"]
[Round "1"]
[White "Ilandzis, Spyridon"]
[Black "Untiveros, Jesus Benzamin"]
[Result "1-0"]
[WhiteElo "2158"]
[BlackElo "1595"]
[PlyCount "69"]
[EventDate "2013.05.18"]
[EventType "swiss"]
[EventRounds "7"]
[EventCountry "GRE"]
[SourceTitle "EXT 2024"]
[Source "ChessBase"]
[SourceDate "2023.10.10"]
[SourceVersion "1"]
[SourceVersionDate "2023.10.10"]
[SourceQuality "1"]

1. e4 d6 2. d4 Nf6 3. Nc3 Nbd7 4. Bc4 c5 5. Nf3 a6 6. a4 b6 7. 0-0 e6 8. Re1 cxd4 9. Nxd4 Be7 10. Bxe6 Ne5 11. Bb3 0-0 12. f4 Ng6 13. Nc6 Qd7 14. Bd5 Bb7 15. Nb4 Nxd5 16. Nbxd5 Bd8 17. Be3 f5 18. e5 Kh8 19. e6 Qc6 20. Qh5 Bf6 21. Rad1 Ne7 22. Qe2 Nxd5 23. Nxd5 Rae8 24. Bxb6 Bc8 25. e7 Rf7 26. a5 Bd7 27. c3 Bxe7 28. Nxe7 Rfxe7 29. Qxe7 Rxe7 30. Rxe7 Kg8 31. Bd4 Bc8 32. Rde1 Bb7 33. Re8+ Kf7 34. R1e7+ Kg6 35. Rxg7+ 1-0